Amor, sexualidad y matrimonio. Para una fundamentación de la ética cristiana
Збережено в:
| Автор: | |
|---|---|
| Формат: | Книга |
| Мова: | Іспанська |
| Опубліковано: |
Buenos Aires
San Benito
2003
|
| Редагування: | 1a. ed |
| Серія: | Colección Andamios
|
| Предмети: | |
| Теги: |
Додати тег
Немає тегів, Будьте першим, хто поставить тег для цього запису!
|
MARC
| LEADER | 00000nam a2200000 a 4500 | ||
|---|---|---|---|
| 001 | UCI2083 | ||
| 003 | CL-VaPUC | ||
| 008 | 070803e20030000AG |||||||||||||||||spa|d | ||
| 020 | |a 9879862120 | ||
| 082 | 0 | 4 | |a 176 |b LOP |2 21 |
| 100 | |a López Azpitarte, Eduardo |e autor |9 522950 | ||
| 245 | 1 | 0 | |a Amor, sexualidad y matrimonio. Para una fundamentación de la ética cristiana |
| 250 | |a 1a. ed | ||
| 300 | |a 263 p | ||
| 942 | |c BK | ||
| 945 | |d 20070803 00:00:00 |a rbrito | ||
| 260 | |a Buenos Aires |b San Benito |c 2003 | ||
| 650 | 7 | |a ETICA SEXUAL |2 CL-VaPUC |9 522951 | |
| 650 | 0 | |a Sexualidad |9 358183 | |
| 650 | 0 | |a Amor |9 257817 | |
| 650 | 7 | |a MATRIMONIO |2 CL-VaPUC |9 522952 | |
| 650 | 0 | |a Comportamiento sexual |9 334955 | |
| 650 | 0 | |a Valores morales |9 310604 | |
| 650 | 7 | |a CELIBATO |2 CL-VaPUC |9 334066 | |
| 650 | 7 | |a MASTURBACION |2 CL-VaPUC |9 320728 | |
| 650 | 0 | |a Homosexualidad |9 255614 | |
| 583 | |a last modification |c 20070803 00:00:00 |k Rodrigo Vera | ||
| 490 | 0 | |a Colección Andamios | |
| 999 | |c 326730 |d 326728 | ||
| 952 | |0 0 |1 0 |4 0 |6 176_000000000000000_LOP_2003 |7 0 |8 A |9 408843 |a BIBTEO |b BIBTEO |d 2019-11-22 |i 436158K |o 176 LOP 2003 |p 436158K |r 2025-01-17 |w 2019-11-22 |y BK |k ICR | ||